METODIKA KONTROLY VZORKŮ ŽIVOTNÍHO PROSTŘEDÍ V OKOLÍ ULOŽIŠŤ RADIOAKTIVNÍCH ODPADŮ

Bibliographic Details
Main Authors: Pastuchová, D. (Author), Kropíková, S. (Author)
Format: Article
Language:Czech

MARC

LEADER 00000nab a2200000uu 4500
001 vtls010913167
003 SK-MaSNL
005 20260303150655.0
008 230222|1979 xo |||||||||||||||||cze|
015 |a SNBRB 
035 |a (urnnbn)urn:nbn:sk:snk:ar-a096oa 
035 |a (uuid)1e090852-50b0-4c42-bc25-8b9d777f9f75 
035 |a urn:nbn:sk:snk-ab91z6 
040 |a SNKBUCL  |b slo  |c SNKBUCL  |e AACR2 
041 0 |a cze 
044 |a xo  |c SK 
100 1 |a Pastuchová, D.  |4 aut  |9 1169733 
245 1 0 |a METODIKA KONTROLY VZORKŮ ŽIVOTNÍHO PROSTŘEDÍ V OKOLÍ ULOŽIŠŤ RADIOAKTIVNÍCH ODPADŮ  |c D. Pastuchová, S. Kropíková 
700 1 |a Kropíková, S.  |4 aut  |9 1169483 
773 0 |t Rádioaktivita a životné prostredie  |g Č. 4 (1979), s. 41-45 
958 |a OND 
958 |a EUIPO 
958 |a article10 
999 |c 2012507  |d 2014437